000 00644nam a2200169 i 4500
001 41739
003 ES-MaACL
005 20230915210258.0
007 t|
008 030311s1865 sp ||||1| spa d
100 1 _aCastellanos de Losada, Basilio Sebastián,
_d1807-1891
_936540
245 1 0 _aHistoria y vida de la venciable madre María de L. José y descripción de la Iglesia y Convento de la Encarnación de Madrid /
_cBasilio Sebastián Castellanos de Losada.
260 _aMadrid :
_bFuentenebro,
_c1865.
610 2 4 _aMonasterio de la Encarnación (Madrid)
_9140904
852 _aES-MaACL
_jT-332-F-6
999 _c41739
_d41739